000 00914nas a2200265 4500
001 BR9202900
003 BR-BrBNA
005 20231205092556.0
007 ta
008 230509b bl.|||p| |||| 00| 00por d
040 _aBR-BrBNA
_bpor
_cBiblioteca Nacional de Agricultura
041 _a(Pt)
072 _aL73
100 1 _aMorales, A.
100 1 _aGirio, R.J.S.
100 1 _aMathias, L.A.
245 1 _aCasos de leptospirose em caes atendidos no hospital veterinario da FCAVJ-UNESP durante o periodo de 1986 A 1990
246 1 _a[Leptospirosis case in dogs, at the "Hospital Veterinario da FCAVJ-UNESP", Sao Paulo state, Brazil, during 1986 at 1990!
650 _aCAO
650 _aLEPTOSPIROSE
650 _aSAO PAULO
773 0 _tCiencia Veterinaria. Jaboticabal (Brazil)
_xISSN 0103-006X
_g(1990), v. 4(2) p. 5-6
_wBR9202900
909 _a202311
_bLúcia
_c55
_dLúcia Elande
942 _2AGRIS
_n0
_cANA
999 _c132603
_d132603